000
00482nam a2200145Ia 4500
008
090122s9999 xx 000 0 und d
082
_b
7669
_a
O155 : B
100
_a
संपत
_b
सी
_c
के
245
_a
विकास रंगतदार गोष्टी
600
_a
संपत
630
_a
विकास रंगतदार गोष्टी
700
_a
संपत
730
_a
विकास रंगतदार गोष्टी
942
_c
BOOK
999
_c
31746
_d
31746